La Democracia cristiana de América hacia un nuevo orden: declaración política

Guardat en:
Dades bibliogràfiques
Format: Text
Matèries:
Etiquetes: Afegir etiqueta
Sense etiquetes, Sigues el primer a etiquetar aquest registre!

MARC

LEADER 00000 a a2200000 04500
001 11162
003
040
245 |a La Democracia cristiana de América hacia un nuevo orden:   |b declaración política  
650 |a IDEOLOGIAS POLITICAS  
650 |a DEMOCRACIA  
650 |a DOCUMENTOS OFICIALES  
650 |a CRISIS  
650 |a ECONOMIA  
650 |a POLITICA  
650 |a SOCIEDAD  
650 |a CULTURA  
773 |g número 24; páginas 71-72  
999 |c 23174  |d 23174 
773 0 |0 43286  |9 6052  |a Instituto Centroamericano de Estudios Políticos  |d Guatemala: Instituto Centroamericano de Estudios Políticos, 1986-  |o 17220  |t Panorama Centroamericano: